Night Court Actor/Character Match-Up Quiz Stats

 Plays Quiz Updated Apr 17, 2018

Score 0/16 Timer 03:00
0 Plays Today
% Correct
Harry Anderson
96.1%
John Larroquette
93.7%
Richard Moll
93.1%
Mel Tormé
92.4%
Markie Post
90.5%
Charles Robinson
81.8%
Marsha Warfield
78.3%
Selma Diamond
75.2%
% Correct
Florence Halop
62.9%
John Astin
62.8%
Denice Kumagai
55.1%
Ellen Foley
47.5%
Mike Finneran
46.8%
William Utay
43.4%
Karen Austin
40.7%
Paula Kelly
36.7%

You're not logged in!

Compare scores with friends on all Sporcle quizzes.
Join for Free
OR
Log In

You Might Also Like...

Show Comments

Extras

Top Quizzes Today


Score Distribution

Your Account Isn't Verified!

In order to create a playlist on Sporcle, you need to verify the email address you used during registration. Go to your Sporcle Settings to finish the process.

Report this User

Report this user for behavior that violates our Community Guidelines.

Details: